Los chicos y otros relatos / (Record no. 125441)

MARC details
000 -LEADER
campo de control de longitud fija 00784nam a2200229 i 4500
001 - NÚMERO DE CONTROL
campo de control 125441
003 - IDENTIFICADOR DE NÚMERO DE CONTROL
campo de control ES-MaACL
005 - FECHA Y HORA DE LA ÚLTIMA TRANSACCIÓN
campo de control 20230906192629.0
007 - CAMPO FIJO DE DESCRIPCIÓN FÍSICA--INFORMACIÓN GENERAL
campo de control de longitud fija t|
008 - DATOS DE LONGITUD FIJA--INFORMACIÓN GENERAL
campo de control de longitud fija 070611s1992 fr ||||1| spa d
020 ## - NÚMERO INTERNACIONAL ESTÁNDAR DEL LIBRO
Número Internacional Estándar del Libro 2-253-05749-5
080 ## - NÚMERO DE LA CLASIFICACIÓN DECIMAL UNIVERSAL
Número de la Clasificación Decimal Universal 821.134.2-32(076)
245 04 - MENCIÓN DEL TÍTULO
Título Los chicos y otros relatos /
Mención de responsabilidad, etc. choix et annotations par Mercedes Blanc-Brouste et Marc Zuili.
260 ## - PUBLICACIÓN, DISTRIBUCIÓN, ETC.
Lugar de publicación, distribución, etc. Paris :
Nombre del editor, distribuidor, etc. Librairie Générale Française,
Fecha de publicación, distribución, etc. [1992]
300 ## - DESCRIPCIÓN FÍSICA
Extensión 125 p. ;
Dimensiones 17 cm.
490 1# - MENCIÓN DE SERIE
Mención de serie Le Livre de Poche ;
Designación de volumen o secuencia 8655.
Mención de serie Lire en espagnol
500 ## - NOTA GENERAL
Nota general Biblioteca Jacinto Martínez Lacalle.
650 14 - PUNTO DE ACCESO ADICIONAL DE MATERIA--TÉRMINO DE MATERIA
Término de materia o nombre geográfico como elemento de entrada Lengua española-
Subdivisión general Lecturas.
9 (RLIN) 14168
830 0# - PUNTO DE ACCESO ADICIONAL DE SERIE-TÍTULO UNIFORME
Título uniforme Le Livre de Poche ;
Designación de volumen o secuencia 8655.
Título uniforme Lire en espagnol
9 (RLIN) 219037
852 ## - LOCALIZACIÓN
Ubicación ES-MaACL
Número de control de estantería E-11665
Sublocalización o colección R.139688
Holdings
Estatus retirado Estado de pérdida Estado de daño No para préstamo Biblioteca de origen Biblioteca actual Ubicación en estantería Fecha de adquisición Fuente de adquisición Total de préstamos Signatura topográfica completa Código de barras Visto por última vez Precio de reemplazo Tipo de ítem Koha
        Biblioteca del Ateneo de Madrid Biblioteca del Ateneo de Madrid Depósito 2 17/01/2008     E-11665 1130679 23/02/2023 23/02/2023 Libro impreso